Zdaňovanie príjmov športovcov a športových odborníkov v roku 2024
Pojem športový odborník a zdanenie príjmov športového odborníka. Sponzorské v športe. Zdaňovanie športovcov v roku 2024. Športovec ako samostatne zárobkovo činná osoba (SZČO). Zdanenie príjmov športovca SZČO, ktorý má okrem príjmov plynúcich od športového klubu na základe hráčskej zmluvy aj príjmy z...
Saved in:
| Main Author: | |
|---|---|
| Format: | Book Chapter |
| Language: | Slovak |
| Subjects: | |
| Tags: |
No Tags, Be the first to tag this record!
|
MARC
| LEADER | 00000naa a2200000 4500 | ||
|---|---|---|---|
| 001 | 0300261 | ||
| 005 | 20240503131527.1 | ||
| 041 | 0 | |a slo | |
| 044 | |a SK | ||
| 245 | 1 | 0 | |a Zdaňovanie príjmov športovcov a športových odborníkov v roku 2024 |c Marta Boráková |
| 520 | |a Pojem športový odborník a zdanenie príjmov športového odborníka. Sponzorské v športe. Zdaňovanie športovcov v roku 2024. Športovec ako samostatne zárobkovo činná osoba (SZČO). Zdanenie príjmov športovca SZČO, ktorý má okrem príjmov plynúcich od športového klubu na základe hráčskej zmluvy aj príjmy za pôsobenie v reprezentácii. Športovec v postavení zamestnanca. | ||
| 610 | 2 | 0 | |a účtovníctvo daňové |
| 610 | 2 | 0 | |a dane z príjmov |
| 610 | 2 | 0 | |a daňovníci |
| 610 | 2 | 0 | |a šport |
| 610 | 2 | 0 | |a sponzorovanie |
| 610 | 2 | 0 | |a osoby samostatne zárobkovo činné |
| 610 | 2 | 0 | |a zamestnanci |
| 610 | 2 | 0 | |a zákony |
| 610 | 2 | 0 | |a legislatíva |
| 100 | 1 | |a Boráková, Marta | |